<?xml version="1.0" encoding="UTF-8"?>
<marc:record xmlns:marc="http://www.loc.gov/MARC21/slim">
   <marc:leader>00000nam a2200000 a 4500</marc:leader>
   <marc:datafield ind1="1" ind2=" " tag="100">
      <marc:subfield code="a">Leitner, Anton G.</marc:subfield>
      <marc:subfield code="4">edt</marc:subfield>
      <marc:subfield code="e">Bearbeiter/-in</marc:subfield>
   </marc:datafield>
   <marc:datafield ind1="1" ind2=" " tag="100">
      <marc:subfield code="a">Boddin, Heidrun</marc:subfield>
      <marc:subfield code="4">ill</marc:subfield>
      <marc:subfield code="e">Illustrator/-in</marc:subfield>
   </marc:datafield>
   <marc:datafield ind1=" " ind2=" " tag="653">
      <marc:subfield code="a">Deutsch</marc:subfield>
   </marc:datafield>
   <marc:datafield ind1=" " ind2=" " tag="653">
      <marc:subfield code="a">Lyrik</marc:subfield>
   </marc:datafield>
   <marc:datafield ind1=" " ind2=" " tag="653">
      <marc:subfield code="a">Känguru</marc:subfield>
   </marc:datafield>
   <marc:datafield ind1=" " ind2=" " tag="653">
      <marc:subfield code="a">Softcover / Kinder- und Jugendbücher/Gedichte</marc:subfield>
   </marc:datafield>
   <marc:datafield ind1=" " ind2=" " tag="653">
      <marc:subfield code="a">Reime</marc:subfield>
   </marc:datafield>
   <marc:datafield ind1=" " ind2=" " tag="653">
      <marc:subfield code="a">Anthologie</marc:subfield>
   </marc:datafield>
   <marc:datafield ind1=" " ind2=" " tag="653">
      <marc:subfield code="a">Kinderbuch</marc:subfield>
   </marc:datafield>
   <marc:datafield ind1=" " ind2=" " tag="653">
      <marc:subfield code="a">Gedichte und Reime für Kinder und Jugendliche</marc:subfield>
   </marc:datafield>
   <marc:datafield ind1="0" ind2="0" tag="245">
      <marc:subfield code="a">Ein Känguru mit Stöckelschuh</marc:subfield>
   </marc:datafield>
   <marc:datafield ind1="0" ind2="0" tag="245">
      <marc:subfield code="b">neue Gedichte für Kinder</marc:subfield>
   </marc:datafield>
   <marc:datafield ind1="0" ind2="0" tag="245">
      <marc:subfield code="c">hrsg. von Anton G. Leitner. Ill. von Heidrun Boddin</marc:subfield>
   </marc:datafield>
   <marc:datafield ind1=" " ind2="1" tag="264">
      <marc:subfield code="a">München</marc:subfield>
      <marc:subfield code="b">St. Michaelsbund</marc:subfield>
      <marc:subfield code="c">2012</marc:subfield>
   </marc:datafield>
   <marc:datafield ind1=" " ind2=" " tag="250">
      <marc:subfield code="a">1. Aufl.</marc:subfield>
   </marc:datafield>
   <marc:datafield ind1="1" ind2=" " tag="520">
      <marc:subfield code="a">Angaben aus der Verlagsmeldung

Ein Känguru mit Stöckelschuh : Neue Gedichte für Kinder

Sammlungen mit Kindergedichten gibt es viele. Fast immer greifen sie auf den gleichen Bestand an bekannten und bewährten Texten zurück. Diese Anthologie, die Anton G. Leitner herausgibt, ist schon deshalb unverwechselbar, weil sie ausschließlich aus neuen Gedichten besteht und weil hier prominente zeitgenössische Autoren wie Harald Grill, Max Kruse, Fitzgerald Kusz, Arne Rautenberg, Gerhard Rühm, SAID, Anja Tuckermann, Mario Wirz, Franz Wittkamp und viele andere mitgewirkt haben.
Die Gedichte erzählen vom Mond, von Papierflugzeugen und warum das Mammut nicht mehr im Gras sitzt. Auf jeder Seite hält das Buch Überraschungen bereit: Quatsch- und Matschgedichte, Lautmalerisches, Phantastisches, Gereimtes und Ungereimtes.
Ein Sprachbilderbuch, ein Gedicht-Entdeckungsbuch für Kinder ab fünf Jahren und für Erwachsene, liebevoll und poetisch illustriert von Heidrun Boddin.
</marc:subfield>
   </marc:datafield>
   <marc:datafield ind1=" " ind2=" " tag="020">
      <marc:subfield code="a">9783943135008</marc:subfield>
      <marc:subfield code="9">9783943135008</marc:subfield>
   </marc:datafield>
   <marc:datafield ind1=" " ind2=" " tag="041">
      <marc:subfield code="a">ger</marc:subfield>
   </marc:datafield>
   <marc:datafield ind1=" " ind2=" " tag="300">
      <marc:subfield code="a">79 S.</marc:subfield>
   </marc:datafield>
</marc:record>
